/ 3



VidiwaJi Prarthana (Record no. 40146)

MARC details
000 -LEADER
fixed length control field 00273nam a22001097a 4500
008 - FIXED-LENGTH DATA ELEMENTS--GENERAL INFORMATION
fixed length control field 240712b |||||||| |||| 00| 0 eng d
100 ## - MAIN ENTRY--PERSONAL NAME
Personal name Lakhani, Ramdas
245 ## - TITLE STATEMENT
Title VidiwaJi Prarthana
260 ## - PUBLICATION, DISTRIBUTION, ETC.
Place of publication Ahmedabad:
Year of publication 1969.
Name of publisher Lakhami Ramdas;
300 ## - PHYSICAL DESCRIPTION
Number of Pages 74p.
942 ## - ADDED ENTRY ELEMENTS (KOHA)
Koha item type Books
Holdings
Accession Number Lost status Damaged status Price effective from Koha item type Not for loan Withdrawn status Home library Current library Shelving location Date acquired Source of acquisition Cost, normal purchase price
10533     01/10/2023 Books   Withdrawn RCL RCL General Stacks 01/10/2023 DDC 1.50

Find us on the map

Contact Us

RAMANUJAN COLLEGE UNIVERSITY OF DELHI, KALKAJI, NEW DELHI 110019
library@ramaanujan.du.ac.in
011-35002219
https://library.ramanujancollege.ac.in/
ramanujancollegelibrary
                                 
Customized & Maintained by Department of Library
Visitor Counter